[Event "Jaipur op 2nd"]
[Site "Jaipur"]
[Date "2025.04.23"]
[Round "1"]
[White "Kumar, Gaurav"]
[Black "Vivan, Gupta"]
[Result "1-0"]
[WhiteElo "2079"]
[BlackElo "1491"]
[PlyCount "49"]
[EventDate "2025.04.23"]
[EventType "swiss"]
[EventRounds "9"]
[EventCountry "IND"]
[SourceTitle "CB18_2025"]
[SourceDate "2025.04.30"]
[SourceVersion "1"]
[SourceVersionDate "2025.04.30"]
[SourceQuality "1"]

1. e4 c5 2. Nf3 d6 3. d4 cxd4 4. Nxd4 Nf6 5. Nc3 a6 6. Bg5 e5 7. Nf5 Bxf5 8. exf5 Be7 9. Bxf6 Bxf6 10. Nd5 0-0 11. c3 Nc6 12. Bd3 Re8 13. Be4 Bg5 14. Qg4 Bh6 15. f6 g6 16. h4 Qc8 17. Qf3 Qd7 18. h5 Bg5 19. hxg6 fxg6 20. Nb6 Qf7 21. Bd5 e4 22. Bxf7+ Kxf7 23. Rxh7+ Kg8 24. Rg7+ Kh8 25. Qh3+ 1-0